书目信息 |
| 题名: |
中国苏轼研究
|
|
| 作者: | 冷成金 主编 | |
| 分册: | 第七辑 | |
| 出版信息: | 北京 学苑出版社 2017.06 |
|
| 页数: | 365页 | |
| 开本: | 24cm | |
| 丛书名: | ||
| 单 册: | ||
| 中图分类: | K825.6=441 , I206.2 | |
| 科图分类: | ||
| 主题词: | ||
| 电子资源: | ||
| ISBN: | 978-7-5077-5266-3 | |
| 000 | 01116nam0 2200277 450 | |
| 001 | 008579827 | |
| 005 | 20170920092424.87 | |
| 010 | @a978-7-5077-5266-3@dCNY95.00 | |
| 100 | @a20170904d2017 em y0chiy50 ea | |
| 101 | 0 | @achi |
| 102 | @aCN@b110000 | |
| 105 | @ay z 000yd | |
| 106 | @ar | |
| 200 | 1 | @a中国苏轼研究@9zhong guo su shi yan jiu@h第七辑 |
| 210 | @a北京@c学苑出版社@d2017.06 | |
| 215 | @a365页@d24cm | |
| 300 | @a中国人民大学文学院主办 本成果受到中国人民大学2016年度“建设世界一流大学(学科)和特色发展引导专项资金”专项经费的支持,被中国知网、超星域出版平台全文收录 | |
| 330 | @a本书收录了《从偶然性到必然性——读东坡<记承天寺夜游>书后》《苏轼对杜诗的阐释》《论苏轼“心理本体”的情理结构》《苏东坡与香文化述论》《“浩然天地间,惟我独也正”——论苏轼“独正观”及其意义》等文章。 | |
| 333 | @a文学研究人员,历史研究人员 | |
| 600 | 0 | @a苏轼@f(1036-1101)@x人物研究 |
| 600 | 0 | @a苏轼@f(1036-1101)@x文学研究 |
| 690 | @aK825.6=441@v5 | |
| 690 | @aI206.2@v5 | |
| 701 | 0 | @a冷成金@9leng cheng jin@f(1962-)@4主编 |
| 801 | 0 | @aCN@b人天书店@c20170904 |
| 905 | @b1078182-87@dK825.6=441@e1072:7@f6 | |
| 中国苏轼研究.第七辑.-北京:学苑出版社,2017.06 |
| 365页;24cm |
| 中国人民大学文学院主办 本成果受到中国人民大学2016年度“建设世界一流大学(学科)和特色发展引导专项资金”专项经费的支持,被中国知网、超星域出版平台全文收录.-使用对象:文学研究人员,历史研究人员 |
| ISBN 978-7-5077-5266-3:CNY95.00 |
| 本书收录了《从偶然性到必然性——读东坡<记承天寺夜游>书后》《苏轼对杜诗的阐释》《论苏轼“心理本体”的情理结构》《苏东坡与香文化述论》《“浩然天地间,惟我独也正”——论苏轼“独正观”及其意义》等文章。 |
| ● |
| 相关链接 |
|
|
|
|
正题名:中国苏轼研究
索取号:K825.6=441/1072:7
 
预约/预借
| 序号 | 登录号 | 条形码 | 馆藏地/架位号 | 状态 | 备注 |
| 1 | 1078182 | 210781821 | 第二样本阅览室/ [索取号:K825.6=441/1072:7] | 在馆 | |
| 2 | 1078183 | 210781830 | 第二借阅区/ [索取号:K825.6=441/1072:7] | 在馆 | |
| 3 | 1078184 | 210781849 | 第二借阅区/ [索取号:K825.6=441/1072:7] | 在馆 | |
| 4 | 1078185 | 210781858 | 第二借阅区/ [索取号:K825.6=441/1072:7] | 在馆 | |
| 5 | 1078186 | 210781867 | 第二借阅区/ [索取号:K825.6=441/1072:7] | 在馆 | |
| 6 | 1078187 | 210781876 | 密集书库-史法系/ [索取号:K825.6=441/1072:7] | 在馆 |